000
00228 a2200097 4500
001
41076
100
_a
Rhodes F C
245
_a
Elementary Statistical Method
260
_a
_b
Routledge & Kegan Paul Ltd
_c
090
_c
25307
_d
25307
942
_a
NUST-CAE
_c
M
_c
17011
999
_c
276149
_d
276149